BIBLIOTHÈQUE DE LA MAISON DU MEXIQUE

Logo 1 Logo 2

Los mexicanos de los Estados Unidos y el movimiento chicano (notice nᵒ 12633)

détails MARC
000 -Sello discográfico
campo de control de longitud fija 01132nam a2200349 4500
005 - Identificación de versión
campo de control 20251016083230.0
035 ## - Otros números de control del sistema
Número de control del sistema 12521
099 ## - fechas locales
Tipo de ítem Koha LIBRO
100 ## - Datos de procesamiento general
Datos de procesamiento general 19930801d1973 m y1spay5003 ba
101 1# - Idioma del recurso
Idioma del texto, banda sonora, etc. Español; Castellano
Idioma de la obra original Inglés
105 ## - Campo de datos codificados: Material textual, monográfico
Datos codificados de monografía a 001zy
200 1# - Título y mención de responsabilidad
Título propio Los mexicanos de los Estados Unidos y el movimiento chicano
Designación general del material texto impreso
Primer mención de responsabilidad Joan W. Moore, Alfredo Cuéllar
Declaración de responsabilidad subsiguiente traducción de Aurora Cortina de Nicolau
205 ## - Declaración de edición
Declaración de edición 1a reimpr de la 1a ed
210 ## - Publicación, distribución, etc.
Lugar de publicación, distribución, etc. México
Nombre del editor, distribuidor, etc. Fondo de Cultura Económica
Fecha de publicación, distribución, etc. 1973
215 ## - Descripción física
Designación de material específico y extensión del ítem 300 p
Otras características físicas tab.
Dimensiones 17 cm
345 ## - Nota de información de adquisición
Fuente de adquisición/dirección de la suscripción [OBSOLETO] Donación
410 #1 - Series
Título Colección Popular
Número de volumen 110
454 #1 - Traducción de
Título Mexican Americans
606 ## - Término temático usado como materia
Elemento de entrada Mexicano-americanos
Número Koha 5176
606 ## - Término temático usado como materia
Elemento de entrada Méxicanos en los Estados Unidos
Número Koha 360
660 ## - Código de área geográfica
Código MX
700 ## - Nombre personal - Responsabilidad primaria
Elemento de entrada Moore
Parte del nombre distinta del elemento de entrada Joan W
Número Koha 19383
701 ## - Nombre personal - Responsabilidad alternativa
Elemento de entrada Cuéllar
Parte del nombre distinta del elemento de entrada Alfredo
Número Koha 19384
702 ## - Nombre personal - Responsabilidad secundaria
Elemento de entrada Cortina de Nicolau
Parte del nombre distinta del elemento de entrada Aurora
Número Koha 19385
801 #0 - Fuente de origen
Agencia cm
900 ## -
-- 1/9817
900 ## -
-- 710935487\\010893
942 ## - ELEMENTOS DE ENTRADA SECUNDARIOS (KOHA)
Tipo de ítem Koha Livre
996 ## -
-- MEX
-- 751145101
-- MMAG
-- 005356
-- 082.97 C882 V.110
-- 20211012LIV
Exemplaires
Estatus retirado Estado de daño Estado de pérdida Fecha de adquisición Biblioteca de origen Biblioteca actual Ubicación en estantería Código de barras Precio de reemplazo Signatura topográfica completa No para préstamo Tipo de ítem Koha Nota pública Nota no pública
      05/08/2025 Casa México Paris Casa México Paris   005356 05/08/2025 082.97 C882 V.110   Livre 20211012LIV 751145101